Contro corrente /

Uloženo v:
Podrobná bibliografie
Hlavní autor: Keller, Alice, (1988-) (Autor)
Další autoři: Truttero, Veronica (Ilustrátor)
Médium: Kniha
Jazyk:italština
Vydáno: Roma : Sinnos, ©2017
Tagy: Přidat tag
Žádné tagy, Buďte první, kdo vytvoří štítek k tomuto záznamu!

MARC

LEADER 00000nam a22000007i 4500
001 IT\ICCU\LO1\1694745
003 ItRI
005 20260115232143.0
008 171201s2017 it |||||| ||||| |||||c
020 |a 9788876093623 
040 |b ita  |c importazione bologna sebina 
041 7 |a ita  |2 ISO-639-2 
082 |a 741.5  |9 FUMETTI, ROMANZI A FUMETTI, FOTOROMANZI, VIGNETTE, CARICATURE, STRISCE A FUMETTI  |2 23 
100 1 |a Keller, Alice,  |d  (1988-)  |0 IT\ICCU\UBOV\424371  |4 aut 
240 1 0 |a Contro corrente  |3 IT\ICCU\UFE\1012338  |9 Keller, Alice <1988-> 
245 1 0 |a Contro corrente /  |c Alice Keller ; illustrazioni di Veronica Truttero. 
260 |a Roma :  |b Sinnos,  |c ©2017 
300 |a 93 p. :  |b fumetti ;  |c 24 cm 
500 |a Volume ad alta leggibilità stampato con font leggimi ©Sinnos e leggimigraphic ©Sinnos 
700 1 |a Truttero, Veronica  |0 IT\ICCU\LO1V\435555  |4 ill 
942 |2 ddc  |c BK  |n 0 
952 |0 0  |1 0  |4 0  |6 R_853_920000000000000_KEL  |7 0  |9 20971  |a BO  |b BO  |d 2026-01-15  |i 18965  |l 0  |o R 853.92 KEL  |p BO18965  |r 2026-01-15 23:21:43  |w 2026-01-15  |x [Sebina 5] [1 v.]  |y BK  |z 1 v. 
999 |c 17915  |d 17915